| 000 | 00504nam a2200181 i 4500 | ||
|---|---|---|---|
| 001 | 30367 | ||
| 003 | ES-MaACL | ||
| 005 | 20230906154201.0 | ||
| 007 | t| | ||
| 008 | 030124s1849 fr ||||1| fre d | ||
| 100 | 1 |
_aBastiat, Frédéric ( _d1801-1850) _926365 |
|
| 245 | 1 | 0 |
_aCapital et rente / _cFrederic Bastiat. |
| 260 |
_a[S.l. : _bs.n.], _c1849 ( _eCorbeil : _fImp. Crété) |
||
| 300 |
_a292 p. ; _c14 cm. |
||
| 650 |
_aCapital. _910758 |
||
| 650 | 4 |
_aInterés. _9144080 |
|
| 852 |
_aES-MaACL _jD-516 |
||
| 999 |
_c30367 _d30367 |
||